Les clubs belges et néerlandais en 1/2 finale de coupe d'Europe - Statistiques

Statistiques générales
  • Ce quiz a été pris 75 fois
    69 depuis la dernière actualisation
  • Le résultat moyen est 8 sur 14
Statistiques - réponses
Nombre de participation Indice Clubs % Correct
13 Pays-Bas Ajax Amsterdam
100%
5 Pays-Bas PSV Eindhoven
95%
7 Belgique RCS Anderlecht
94%
7 Pays-Bas Feyenoord Rotterdam
91%
5 Belgique Club Bruges
88%
3 Belgique Standard de Liège
66%
1 Belgique Waterschei Genk
65%
1 Belgique Royal Antwerp
60%
3 Pays-Bas AZ Alkmaar
57%
3 Pays-Bas FC Twente
45%
2 Belgique FC Malines
34%
1 Belgique RWD Molenbeek
18%
1 Belgique KSV Waregem
8%
1 Belgique KSK Beveren
6%
Aucun quiz correspondant
Distribution des résultats
% des personnes avec chaque résultat
Percentile par nombre de réponses
Votre historique - résultats
Vous n’avez pas pris ce quiz depuis la dernière actualisation